[Event "SN-2014-0-00589"]
[Site "LSS email"]
[Date "2014.04.27"]
[Round "?"]
[White "Cruz Rivera, Pablo Ricardo"]
[Black "Neil, Charles"]
[Result "0-1"]
[WhiteElo "460"]
[BlackElo "513"]
[PlyCount "20"]
[EventDate "2014.04.08"]
[EventType "tourn (corr)"]
[EventRounds "6"]
[EventCountry "GER"]
[SourceTitle "Corr 2015"]
[Source "ChessBase"]
[SourceDate "2015.07.17"]
[SourceVersion "1"]
[SourceVersionDate "2015.07.17"]
[SourceQuality "1"]

1. e4 e5 2. Nf3 Nc6 3. Bc4 Nf6 4. 0-0 d5 5. exd5 Na5 6. Qe2 Nxc4 7. Qxc4 Qxd5 8. Qxc7 Bd6 9. Qc3 0-0 10. d3 Bg4 0-1

[Event "ZN-2014-0-02689"]
[Site "LSS email"]
[Date "2014.04.26"]
[Round "?"]
[White "Cruz Rivera, Pablo Ricardo"]
[Black "Salinas, Evin"]
[Result "0-1"]
[WhiteElo "747"]
[BlackElo "751"]
[PlyCount "28"]
[EventDate "2014.04.23"]
[EventType "match (corr)"]
[EventRounds "2"]
[EventCountry "GER"]
[SourceTitle "Corr 2022"]
[Source "ChessBase"]
[SourceDate "2021.10.24"]
[SourceVersion "1"]
[SourceVersionDate "2021.10.24"]
[SourceQuality "1"]

1. e4 e5 2. Bc4 d6 3. Nf3 Bg4 4. 0-0 Bxf3 5. Qxf3 Qf6 6. Qg4 Nh6 7. Qc8+ Qd8 8. Qxb7 Nd7 9. d3 Be7 10. Qd5 Nb6 11. Qc6+ Qd7 12. Qxd7+ Nxd7 13. Nc3 0-0 14. Nb5 c6 0-1

[Event "SN-2014-0-00589"]
[Site "LSS email"]
[Date "2014.04.26"]
[Round "?"]
[White "Neumann, Rudolf Phernandes O"]
[Black "Cruz Rivera, Pablo Ricardo"]
[Result "1-0"]
[WhiteElo "760"]
[BlackElo "460"]
[PlyCount "21"]
[EventDate "2014.04.08"]
[EventType "tourn (corr)"]
[EventRounds "6"]
[EventCountry "GER"]
[SourceTitle "Corr 2015"]
[Source "ChessBase"]
[SourceDate "2015.07.17"]
[SourceVersion "1"]
[SourceVersionDate "2015.07.17"]
[SourceQuality "1"]

1. d4 d5 2. Nf3 e6 3. c4 dxc4 4. e4 b5 5. Nc3 Bb4 6. Be2 Bb7 7. Qc2 a6 8. 0-0 Bxc3 9. bxc3 Ne7 10. Bg5 f6 11. Be3 1-0

[Event "OP-2014-0-03300"]
[Site "LSS email"]
[Date "2014.02.21"]
[Round "?"]
[White "Cruz Rivera, Pablo Ricardo"]
[Black "Lenz, Juergen"]
[Result "0-1"]
[WhiteElo "812"]
[BlackElo "1076"]
[PlyCount "72"]
[EventDate "2014.02.17"]
[EventType "tourn (corr)"]
[EventRounds "4"]
[EventCountry "GER"]
[SourceTitle "Corr 2022"]
[Source "ChessBase"]
[SourceDate "2021.10.24"]
[SourceVersion "1"]
[SourceVersionDate "2021.10.24"]
[SourceQuality "1"]

1. e4 Nf6 2. e5 Nd5 3. d4 d6 4. Bc4 Nb6 5. Bd3 dxe5 6. dxe5 Be6 7. Nf3 Nc6 8. 0-0 Bg4 9. Bf4 e6 10. Qe2 Nd4 11. Nbd2 Nxe2+ 12. Kh1 Nxf4 13. Be4 c6 14. Rfd1 Qc7 15. h3 Bf5 16. Bxf5 exf5 17. Re1 Ne6 18. c3 Be7 19. b4 a5 20. bxa5 Rxa5 21. Reb1 0-0 22. Nb3 Rxe5 23. Nxe5 Qxe5 24. Rd1 Rd8 25. Rxd8+ Nxd8 26. Rc1 Nc4 27. g3 Ne6 28. Kh2 Qe2 29. Kg2 f4 30. gxf4 Nxf4+ 31. Kg3 g5 32. h4 Nh5+ 33. Kg2 g4 34. Rf1 Ne3+ 35. Kg1 Qxf1+ 36. Kh2 Qg2# 0-1

[Event "ZN-2014-0-02618"]
[Site "LSS email"]
[Date "2014.02.21"]
[Round "?"]
[White "Cruz Rivera, Pablo Ricardo"]
[Black "Lombardi, Donato"]
[Result "0-1"]
[WhiteElo "805"]
[BlackElo "941"]
[PlyCount "56"]
[EventDate "2014.02.19"]
[EventType "match (corr)"]
[EventRounds "2"]
[EventCountry "GER"]
[SourceTitle "Corr 2022"]
[Source "ChessBase"]
[SourceDate "2021.10.24"]
[SourceVersion "1"]
[SourceVersionDate "2021.10.24"]
[SourceQuality "1"]

1. e4 e6 2. Nc3 d5 3. exd5 exd5 4. Qf3 Nf6 5. Bb5+ c6 6. Bd3 Bd6 7. Nh3 Bg4 8. Qe3+ Be7 9. 0-0 0-0 10. Nf4 d4 11. Qg3 dxc3 12. dxc3 Qc7 13. h3 Bd7 14. Be3 Bd6 15. b4 Nh5 16. Qg5 Nxf4 17. Bd4 Ne6 18. Qh4 g6 19. Qf6 Nxd4 20. Qxd4 Be5 21. Qc5 Bd6 22. Qg5 Bf4 23. Qe7 Be6 24. Qxc7 Bxc7 25. Rfe1 Nd7 26. a4 Nf6 27. a5 Nd5 28. c4 Nxb4 0-1

[Event "SN-2014-0-00577"]
[Site "LSS email"]
[Date "2014.02.20"]
[Round "?"]
[White "Linart, Ludvik"]
[Black "Cruz Rivera, Pablo Ricardo"]
[Result "1-0"]
[WhiteElo "1027"]
[BlackElo "812"]
[PlyCount "89"]
[EventDate "2014.02.05"]
[EventType "tourn (corr)"]
[EventRounds "6"]
[EventCountry "GER"]
[SourceTitle "Corr 2022"]
[Source "ChessBase"]
[SourceDate "2021.10.24"]
[SourceVersion "1"]
[SourceVersionDate "2021.10.24"]
[SourceQuality "1"]

1. d4 d5 2. c4 Nc6 3. Nc3 dxc4 4. Nf3 e6 5. e3 Bb4 6. Bxc4 a6 7. 0-0 Nf6 8. Bd2 b5 9. Bd3 0-0 10. Ne4 Bxd2 11. Nxf6+ Qxf6 12. Qxd2 Bb7 13. Be4 Rfd8 14. Rac1 Rd6 15. b4 Rb8 16. Rc5 Rc8 17. Rfc1 Qd8 18. Bxc6 Bxc6 19. Rxc6 Rxc6 20. Rxc6 Ra8 21. Qc3 Ra7 22. Nd2 h5 23. Nb3 Qd5 24. Rc5 Qe4 25. Nd2 Qg6 26. e4 Kf8 27. Rxc7 Rxc7 28. Qxc7 Kg8 29. Qc8+ Kh7 30. Qxa6 e5 31. Qxg6+ Kxg6 32. d5 Kf6 33. Nb1 g5 34. Nc3 g4 35. Nxb5 h4 36. a4 Kg5 37. g3 hxg3 38. hxg3 f5 39. Nc3 fxe4 40. d6 Kf6 41. Nxe4+ Ke6 42. a5 Kd5 43. d7 Kxe4 44. d8Q Kf3 45. Qd3# 1-0

[Event "ZN-2014-0-02615"]
[Site "LSS email"]
[Date "2014.02.20"]
[Round "?"]
[White "Simmons, Ernest"]
[Black "Cruz Rivera, Pablo Ricardo"]
[Result "1-0"]
[WhiteElo "654"]
[BlackElo "805"]
[PlyCount "87"]
[EventDate "2014.02.19"]
[EventType "match (corr)"]
[EventRounds "2"]
[EventCountry "GER"]
[SourceTitle "Corr 2022"]
[Source "ChessBase"]
[SourceDate "2021.10.24"]
[SourceVersion "1"]
[SourceVersionDate "2021.10.24"]
[SourceQuality "1"]

1. d4 d5 2. c4 e6 3. e3 Nc6 4. a3 Nf6 5. Nc3 dxc4 6. Bxc4 Bd6 7. Nf3 0-0 8. 0-0 a6 9. e4 e5 10. d5 Na5 11. Be2 Bg4 12. b4 Bxf3 13. Bxf3 Nc4 14. Be2 b5 15. Ra2 c5 16. Bxc4 bxc4 17. bxc5 Bxc5 18. Qe2 Rc8 19. h3 Qa5 20. Bb2 Rfd8 21. Kh1 Bd4 22. Rc1 Bxc3 23. Bxc3 Qc7 24. Qe1 Nd7 25. Ba5 Nb6 26. Qe3 Rb8 27. Rb2 Rd6 28. Bc3 f6 29. Rcb1 h6 30. Ba5 c3 31. Qxc3 Qxc3 32. Bxc3 g5 33. Ba5 Kg7 34. Bxb6 Rb7 35. Be3 Rxb2 36. Rxb2 Kg6 37. Rb6 Rxb6 38. Bxb6 Kf7 39. d6 Ke8 40. Bc7 Kd7 41. Kh2 h5 42. Kg3 a5 43. Kf3 a4 44. Ke3 1-0

[Event "ZN-2013-0-02485"]
[Site "LSS email"]
[Date "2013.11.04"]
[Round "?"]
[White "Cruz Rivera, Pablo Ricardo"]
[Black "Kramskoi, Vasyl"]
[Result "0-1"]
[WhiteElo "865"]
[BlackElo "997"]
[PlyCount "96"]
[EventDate "2013.11.01"]
[EventType "match (corr)"]
[EventRounds "2"]
[EventCountry "GER"]
[SourceTitle "Corr 2022"]
[Source "ChessBase"]
[SourceDate "2021.10.24"]
[SourceVersion "1"]
[SourceVersionDate "2021.10.24"]
[SourceQuality "1"]

1. d4 Nf6 2. Nf3 g6 3. Nc3 Bg7 4. e4 d6 5. Bc4 c6 6. Bg5 b5 7. Bb3 b4 8. Bxf6 exf6 9. Ne2 0-0 10. Qd2 a5 11. 0-0 f5 12. exf5 Bxf5 13. Nf4 d5 14. c3 Qd6 15. cxb4 axb4 16. Rfe1 Be4 17. Bd1 Bh6 18. g3 g5 19. Nh5 g4 20. Ng5 Bf5 21. Re5 Bg6 22. Bxg4 f6 23. Be6+ Bf7 24. Nxf6+ Kg7 25. Qf4 Bg6 26. Qg4 Rxf6 27. Rae1 Bxg5 28. Qxg5 h6 29. Qg4 Rxa2 30. R1e2 Ra1+ 31. Kg2 Rd1 32. h4 Kh8 33. h5 Bh7 34. R2e3 Rc1 35. Rf3 Rxf3 36. Kxf3 Qf8+ 37. Bf5 Nd7 38. Kf4 Nxe5 39. dxe5 Bxf5 40. Qh4 Rc4+ 41. Ke3 Rxh4 42. gxh4 Qc5+ 43. Ke2 d4 44. f4 Qc2+ 45. Kf3 d3 46. Ke3 d2 47. Kf2 d1Q+ 48. Kg3 Qg4# 0-1

[Event "ZN-2013-0-02478"]
[Site "LSS email"]
[Date "2013.10.30"]
[Round "?"]
[White "Cruz Rivera, Pablo Ricardo"]
[Black "Hinestroza, Douglas"]
[Result "1-0"]
[WhiteElo "640"]
[BlackElo "735"]
[PlyCount "89"]
[EventDate "2013.10.25"]
[EventType "match (corr)"]
[EventRounds "2"]
[EventCountry "GER"]
[SourceTitle "Telechess CBM 167"]
[Source "ChessBase"]
[SourceDate "2015.07.13"]
[SourceVersion "1"]
[SourceVersionDate "2015.07.13"]
[SourceQuality "1"]

1. d4 d5 2. e3 Nf6 3. Bb5+ Bd7 4. Qd3 Bxb5 5. Qxb5+ Nbd7 6. Qxb7 e6 7. Nc3 Be7 8. Nb5 0-0 9. Nxc7 Bd6 10. Nxa8 Qxa8 11. Qxa8 Rxa8 12. Nf3 h6 13. 0-0 Rc8 14. c3 Rb8 15. b4 Nb6 16. Rb1 Nfd7 17. Rb3 Nc4 18. Re1 Nf6 19. a4 Nd7 20. b5 Ndb6 21. Ne5 Nxe5 22. dxe5 Bxe5 23. a5 Nc4 24. f4 Bf6 25. a6 Nb6 26. g3 Rc8 27. Bd2 Nc4 28. Rd1 Nxd2 29. Rxd2 Be7 30. h4 Bf6 31. Rc2 Be7 32. Kg2 Bc5 33. Kf3 Kf8 34. g4 Bb6 35. Rb4 Ke7 36. e4 dxe4+ 37. Kxe4 Kf6 38. c4 Bc5 39. Rb3 Rc7 40. Rd3 Bb6 41. Rd8 Rxc4+ 42. Rxc4 Bxd8 43. Rc8 Bb6 44. Rb8 Bc5 45. b6 1-0

[Event "ZN-2013-0-02479"]
[Site "LSS email"]
[Date "2013.10.30"]
[Round "?"]
[White "Cruz Rivera, Pablo Ricardo"]
[Black "Simmons, Ernest"]
[Result "0-1"]
[WhiteElo "861"]
[BlackElo "685"]
[PlyCount "102"]
[EventDate "2013.10.25"]
[EventType "match (corr)"]
[EventRounds "2"]
[EventCountry "GER"]
[SourceTitle "Corr 2022"]
[Source "ChessBase"]
[SourceDate "2021.10.24"]
[SourceVersion "1"]
[SourceVersionDate "2021.10.24"]
[SourceQuality "1"]

1. d4 Nf6 2. e3 g6 3. Bc4 d5 4. Bb5+ Bd7 5. Qd3 c6 6. Ba4 Qa5+ 7. Nc3 Ne4 8. Nge2 Bg7 9. 0-0 Nxc3 10. Nxc3 Bf5 11. Qe2 0-0 12. a3 Qc7 13. b4 b5 14. Bb3 Re8 15. g3 Bh3 16. Re1 Qc8 17. a4 a6 18. axb5 Bg4 19. f3 Bd7 20. bxa6 Nxa6 21. Ba3 e6 22. Na4 Qb7 23. c3 Nc7 24. Nc5 Qc8 25. Nxd7 Qxd7 26. h4 Nb5 27. Bb2 Qd6 28. Rxa8 Rxa8 29. f4 Qc7 30. c4 Nd6 31. c5 Ne4 32. Kh2 Qb8 33. Kh3 Qxb4 34. Bd1 Ra2 35. h5 Rxb2 36. Bc2 Qb5 37. Qxb5 Rxb5 38. Bxe4 dxe4 39. hxg6 fxg6 40. Kg4 Kf7 41. Ra1 Kf6 42. Ra6 Rb3 43. Rxc6 Rxe3 44. Rd6 Rc3 45. c6 Bf8 46. Rd8 Be7 47. Rc8 Bd6 48. Kh3 e3 49. Kg2 e2 50. Kf2 Rc2 51. Rb8 Bxb8 0-1

[Event "ZN-2013-0-02476"]
[Site "LSS email"]
[Date "2013.10.30"]
[Round "?"]
[White "Mori, Roberto"]
[Black "Cruz Rivera, Pablo Ricardo"]
[Result "1-0"]
[WhiteElo "629"]
[BlackElo "861"]
[PlyCount "55"]
[EventDate "2013.10.23"]
[EventType "match (corr)"]
[EventRounds "2"]
[EventCountry "GER"]
[SourceTitle "Corr 2022"]
[Source "ChessBase"]
[SourceDate "2021.10.24"]
[SourceVersion "1"]
[SourceVersionDate "2021.10.24"]
[SourceQuality "1"]

1. e4 e5 2. Nf3 Nc6 3. d4 exd4 4. Nxd4 Ne5 5. Nc3 Nf6 6. Bf4 Bd6 7. Bg5 0-0 8. Bd3 Nxd3+ 9. cxd3 c5 10. Nf5 Be5 11. 0-0 Qc7 12. h3 b6 13. Bxf6 Bxf6 14. Nd5 Qe5 15. Rb1 g6 16. Nh6+ Kg7 17. Ng4 Qd4 18. Ndxf6 d6 19. Qd2 Bxg4 20. Nxg4 a5 21. Rfe1 Rfe8 22. Qf4 f5 23. Qh6+ Kh8 24. exf5 Rxe1+ 25. Rxe1 Rg8 26. Re7 Rg7 27. f6 Rxe7 28. Qf8# 1-0

[Event "CP-2013-P-00034"]
[Site "LSS email"]
[Date "2013.09.30"]
[Round "?"]
[White "Cruz Rivera, Pablo Ricardo"]
[Black "Krol, Wladyslaw"]
[Result "0-1"]
[WhiteElo "861"]
[BlackElo "2102"]
[PlyCount "72"]
[EventDate "2013.10.01"]
[EventType "tourn (corr)"]
[EventRounds "6"]
[EventCountry "GER"]
[SourceTitle "Corr 2022"]
[Source "ChessBase"]
[SourceDate "2021.10.24"]
[SourceVersion "1"]
[SourceVersionDate "2021.10.24"]
[SourceQuality "1"]

1. d4 Nf6 2. Nf3 d5 3. e3 c5 4. Be2 Nc6 5. 0-0 cxd4 6. exd4 g6 7. Bf4 Bg7 8. c3 0-0 9. Na3 Ne4 10. Qd3 Bf5 11. Qb5 Na5 12. Ng5 e5 13. dxe5 a6 14. Qb4 Nc6 15. Qb3 Nxg5 16. Qxb7 Ne6 17. Be3 Nxe5 18. Bxa6 Rb8 19. Qa7 Nc6 20. Qxb8 Qxb8 21. b4 d4 22. cxd4 Qxb4 23. Nc2 Bxc2 24. Rac1 Ncxd4 25. Bxd4 Nxd4 26. Rfe1 Bh6 27. Ra1 Bd2 28. Re5 Qc3 29. Rf1 Nf3+ 30. gxf3 Qxe5 31. Kg2 Qg5+ 32. Kh1 Bf4 33. Rg1 Qh5 34. Rg2 Re8 35. Kg1 Re1+ 36. Bf1 Qb5 0-1

[Event "ZN-2013-0-02450"]
[Site "LSS email"]
[Date "2013.09.26"]
[Round "?"]
[White "Cruz Rivera, Pablo Ricardo"]
[Black "Simmons, Ernest"]
[Result "1-0"]
[WhiteElo "874"]
[BlackElo "729"]
[PlyCount "47"]
[EventDate "2013.09.20"]
[EventType "match (corr)"]
[EventRounds "2"]
[EventCountry "GER"]
[SourceTitle "Corr 2022"]
[Source "ChessBase"]
[SourceDate "2021.10.24"]
[SourceVersion "1"]
[SourceVersionDate "2021.10.24"]
[SourceQuality "1"]

1. d4 Nf6 2. e3 d6 3. Nf3 b6 4. g3 e6 5. Bg2 Be7 6. Ng5 0-0 7. Bxa8 h6 8. Nf3 Bd7 9. Qd3 d5 10. Ne5 Be8 11. Qc3 Ne4 12. Qd3 f6 13. Ng4 h5 14. f3 Nd6 15. Nc3 hxg4 16. fxg4 Nd7 17. Bc6 Qb8 18. Bd2 Qc8 19. 0-0-0 Qb8 20. Rdf1 Nc4 21. e4 Bb4 22. exd5 exd5 23. Bxd5+ Bf7 24. Bxc4 1-0

[Event "ZN-2013-0-02453"]
[Site "LSS email"]
[Date "2013.09.26"]
[Round "?"]
[White "Cruz Rivera, Pablo Ricardo"]
[Black "Simmons, Ernest"]
[Result "1-0"]
[WhiteElo "640"]
[BlackElo "617"]
[PlyCount "77"]
[EventDate "2013.09.24"]
[EventType "match (corr)"]
[EventRounds "2"]
[EventCountry "GER"]
[SourceTitle "Telechess CBM 167"]
[Source "ChessBase"]
[SourceDate "2015.07.13"]
[SourceVersion "1"]
[SourceVersionDate "2015.07.13"]
[SourceQuality "1"]

1. e4 c5 2. Bc4 e6 3. Nf3 Nc6 4. e5 Na5 5. Bd3 d6 6. 0-0 Nc6 7. Be4 Bd7 8. b3 dxe5 9. Bb2 Nd4 10. Bxb7 Rb8 11. Be4 Nf6 12. Bd3 Bc6 13. Nxe5 Qc7 14. Nxc6 Qxc6 15. c3 Nb5 16. c4 Nd4 17. Bxd4 cxd4 18. Be2 Bd6 19. Bf3 Qc7 20. g3 0-0 21. d3 Be5 22. a4 Qb6 23. Re1 Bd6 24. Nd2 Bb4 25. Be4 Bxd2 26. Qxd2 Qb4 27. Qxb4 Rxb4 28. Rab1 Rfb8 29. Bf3 Rxb3 30. Rxb3 Rxb3 31. Be2 Ra3 32. Rb1 g6 33. Rb4 a5 34. Rb8+ Kg7 35. c5 Nd7 36. Rb5 Rxa4 37. c6 Ra1+ 38. Kg2 Rc1 39. cxd7 1-0

[Event "OP-2013-0-02972"]
[Site "LSS email"]
[Date "2013.08.30"]
[Round "?"]
[White "Cruz Rivera, Pablo Ricardo"]
[Black "Gorini, Michele"]
[Result "1-0"]
[WhiteElo "640"]
[BlackElo "924"]
[PlyCount "99"]
[EventDate "2013.08.27"]
[EventType "tourn (corr)"]
[EventRounds "4"]
[EventCountry "GER"]
[SourceTitle "Telechess CBM 167"]
[Source "ChessBase"]
[SourceDate "2015.07.13"]
[SourceVersion "1"]
[SourceVersionDate "2015.07.13"]
[SourceQuality "1"]

1. d4 b6 2. Nc3 Bb7 3. e4 e6 4. g3 c5 5. dxc5 bxc5 6. Bf4 Nf6 7. Nh3 Nxe4 8. Nxe4 Bxe4 9. f3 Bd5 10. Be3 Be7 11. Bg2 Bc6 12. Qd2 d5 13. 0-0-0 Nd7 14. f4 Nf6 15. Rhe1 Ng4 16. Ng5 Nxe3 17. Rxe3 h6 18. Nf3 0-0 19. Ne5 d4 20. Rd3 Bxg2 21. Qxg2 Qc7 22. h4 a5 23. b3 a4 24. Qe4 axb3 25. axb3 c4 26. Nxc4 Bb4 27. Qxd4 Ra7 28. Kb2 Rfa8 29. c3 Ra2+ 30. Kc1 Be7 31. b4 Qb7 32. h5 Qg2 33. R1d2 Qf1+ 34. Rd1 Ra1+ 35. Kc2 Rxd1 36. Rxd1 Qe2+ 37. Rd2 Qxh5 38. Kb3 Qg6 39. Ne5 Qxg3 40. Qd7 Rd8 41. Qxe7 Rxd2 42. Qxf7+ Kh7 43. Qxe6 Qxf4 44. Qg6+ Kg8 45. Nc4 Rd8 46. Qe6+ Kh8 47. Ne5 Kh7 48. Qg6+ Kg8 49. Qe6+ Kf8 50. Ng6# 1-0

[Event "OP-2013-0-02971"]
[Site "LSS email"]
[Date "2013.08.30"]
[Round "?"]
[White "Cruz Rivera, Pablo Ricardo"]
[Black "Huseby, Juan Carlos"]
[Result "0-1"]
[WhiteElo "670"]
[BlackElo "529"]
[PlyCount "154"]
[EventDate "2013.08.26"]
[EventType "tourn (corr)"]
[EventRounds "4"]
[EventCountry "GER"]
[SourceTitle "Telechess CBM 167"]
[Source "ChessBase"]
[SourceDate "2015.07.13"]
[SourceVersion "1"]
[SourceVersionDate "2015.07.13"]
[SourceQuality "1"]

1. d4 c5 2. Nf3 c4 3. e4 e6 4. Nc3 d5 5. e5 Bb4 6. Bd2 Nc6 7. g3 Na5 8. Bh3 Nc6 9. 0-0 a6 10. Qe2 Qb6 11. Qe3 Nge7 12. Qg5 Ng6 13. Ne2 Be7 14. Qe3 Nb4 15. Qc3 a5 16. a3 Nc6 17. Rab1 Qa6 18. Ra1 b6 19. Nf4 Nxf4 20. Bxf4 h6 21. b3 b5 22. bxc4 b4 23. axb4 Nxb4 24. cxd5 Nxd5 25. Qd2 Bb4 26. Qc1 Bb7 27. Bd2 Nc3 28. Bxc3 Bxc3 29. Ra3 Rc8 30. Nh4 Bxd4 31. Re1 Qc6 32. Bg2 Bxf2+ 33. Kxf2 Qc5+ 34. Ree3 Bxg2 35. Kxg2 g5 36. Rec3 Qd5+ 37. Nf3 Rxc3 38. Rxc3 0-0 39. Rd3 Qe4 40. Re3 Qa8 41. Kh3 Kg7 42. Kg4 f6 43. exf6+ Rxf6 44. c4 Qc8 45. Ne5 h5+ 46. Kxh5 Qh8+ 47. Kg4 Rf4+ 48. gxf4 Qh4+ 49. Kf3 Qxf4+ 50. Kg2 a4 51. Nd3 Qf5 52. Qc3+ Kg6 53. c5 Qd5+ 54. Kg3 Kh7 55. Re5 Qc6 56. Qc2 Kh6 57. Kg4 a3 58. Rxg5 Qe4+ 59. Kg3 Qe3+ 60. Kg2 Qxg5+ 61. Kf1 Qf6+ 62. Ke1 Qh4+ 63. Kd1 Qg4+ 64. Kc1 Qg1+ 65. Kd2 a2 66. c6 a1Q 67. c7 Qg2+ 68. Nf2 Qxf2+ 69. Kd3 Qa6+ 70. Qc4 Qf1+ 71. Kd4 Qaxc4+ 72. Ke5 Qxc7+ 73. Kxe6 Qxh2 74. Kd5 Qd3+ 75. Kc5 Qe5+ 76. Kb4 Qdc3+ 77. Ka4 Qea5# 0-1

[Event "ZN-2011-0-01775"]
[Site "LSS email"]
[Date "2011.11.25"]
[Round "?"]
[White "Cruz Rivera, Pablo Ricardo"]
[Black "Simmons, Ernest"]
[Result "0-1"]
[WhiteElo "667"]
[BlackElo "766"]
[PlyCount "68"]
[EventDate "2011.11.21"]
[EventType "match (corr)"]
[EventRounds "2"]
[EventCountry "GER"]
[SourceTitle "Telechess CBM 157"]
[Source "ChessBase"]
[SourceDate "2013.11.12"]
[SourceVersion "1"]
[SourceVersionDate "2013.11.12"]
[SourceQuality "1"]

1. d4 d5 2. e3 Nf6 3. Nf3 Nc6 4. Bb5 Bd7 5. 0-0 e6 6. Nc3 h6 7. a3 Bd6 8. b4 0-0 9. Qd3 a6 10. Bxc6 Bxc6 11. Nh4 Ne4 12. g3 Nxc3 13. Qxc3 Bb5 14. Re1 Re8 15. Bb2 Be7 16. a4 Bc4 17. e4 c6 18. exd5 Bxd5 19. Bc1 Bf6 20. Bf4 g5 21. Bxg5 Bxg5 22. Nf3 Bxf3 23. Qxf3 Qxd4 24. c3 Qg7 25. Re4 f5 26. Rc4 Rad8 27. h4 Bf6 28. b5 axb5 29. axb5 cxb5 30. Rb4 Bxc3 31. Rab1 Bxb4 32. Rxb4 Rd5 33. g4 Rd4 34. Rxb5 Rxg4+ 0-1

[Event "RN-2011-0-00423"]
[Site "LSS email"]
[Date "2011.11.25"]
[Round "?"]
[White "Cruz Rivera, Pablo Ricardo"]
[Black "Venturas, Bob"]
[Result "0-1"]
[WhiteElo "698"]
[BlackElo "758"]
[PlyCount "116"]
[EventDate "2011.11.02"]
[EventType "tourn (corr)"]
[EventRounds "6"]
[EventCountry "GER"]
[SourceTitle "Telechess CBM 157"]
[Source "ChessBase"]
[SourceDate "2013.11.12"]
[SourceVersion "1"]
[SourceVersionDate "2013.11.12"]
[SourceQuality "1"]

1. d4 d5 2. e3 a6 3. Qf3 Nc6 4. Bd3 Nf6 5. Nh3 h6 6. 0-0 Qd6 7. b3 e5 8. Ba3 Qd8 9. Bxf8 Rxf8 10. c3 e4 11. Bxe4 Nxe4 12. a4 g5 13. Qh5 Qf6 14. f3 Nd6 15. e4 dxe4 16. fxe4 Qg6 17. Qxg6 fxg6 18. Rxf8+ Kxf8 19. e5 Ne4 20. Ra2 Bf5 21. Re2 g4 22. Nf4 Kf7 23. e6+ Ke7 24. Nd5+ Kd6 25. Nf4 g5 26. Nh5 Ne7 27. Ng7 Bg6 28. c4 Rg8 29. Nh5 Kxe6 30. Ng3 Kd7 31. Nxe4 Bxe4 32. Rxe4 h5 33. Nc3 Rg6 34. c5 c6 35. b4 Nf5 36. g3 Re6 37. Rxe6 Kxe6 38. Ne2 Kd5 39. Kf2 Nxd4 40. Nxd4 Kxd4 41. Ke2 Kc4 42. Ke3 Kxb4 43. Ke4 Kxc5 44. Kf5 Kd5 45. Kxg5 c5 46. Kf4 c4 47. Ke3 b5 48. axb5 axb5 49. Kd2 Kd4 50. Kc2 b4 51. Kb2 Kd3 52. Ka2 Kc2 53. h3 b3+ 54. Ka3 b2 55. hxg4 hxg4 56. Kb4 c3 57. Kc4 b1Q 58. Kd4 Kd2 0-1